[Event "IRI-ch U18 Girls"]
[Site "Chess.com INT"]
[Date "2021.01.16"]
[Round "6"]
[White "Nadernia, Nikta"]
[Black "Rahmanzadeh Shahi, Parisa"]
[Result "1-0"]
[WhiteElo "1775"]
[BlackElo "1373"]
[PlyCount "63"]
[EventDate "2021.01.16"]
[EventType "swiss"]
[EventRounds "9"]
[EventCountry "IRI"]
[SourceTitle "CBM 200 Extra"]
[Source "ChessBase"]
[SourceDate "2021.03.31"]
[SourceVersion "1"]
[SourceVersionDate "2021.03.31"]
[SourceQuality "1"]

1. e4 e6 2. d4 d5 3. Nd2 Nf6 4. Bd3 c5 5. exd5 exd5 6. dxc5 Bxc5 7. Ngf3 0-0 8. 0-0 Bg4 9. Nb3 Bb6 10. c3 Nc6 11. Bg5 Qd6 12. Bc2 Ne5 13. Nbd2 h6 14. Bh4 Rfe8 15. Bg3 Nxf3+ 16. gxf3 Qd7 17. fxg4 Nxg4 18. Ba4 Qf5 19. Bxe8 Rxe8 20. Qf3 Qg5 21. Nb3 h5 22. h4 Qg6 23. Rae1 Bxf2+ 24. Bxf2 Ne5+ 25. Qg3 Nf3+ 26. Kh1 Nxe1 27. Qxg6 fxg6 28. Rxe1 Rb8 29. a3 Kf7 30. Bxa7 Ra8 31. Bc5 Rc8 32. Re7+ 1-0